Biblioteca

Francisco Javier (Registro nro. 66372)

Detalles MARC
000 -LÍDER
Campo fijo de descripción fija 02024nam a22003017a 4500
001 - NÚMERO DE CONTROL
Campo de control 768714001
003 - IDENTIFICADOR DEL NÚMERO DE CONTROL
Campo de control CO-MdFUSB
005 - FECHA Y HORA DE LA ULTIMA TRANSACCIÓN
control field 20210604145139.0
007 - CAMPO FIJO DE DESCRIPCIÓN FIJA--INFORMACIÓN GENERAL
Campo fijo de descripción fija ta
008 - ELEMENTOS DE LONGITUD FIJA -- INFORMACIÓN GENERAL
Campo fijo de descripción fija -- Información general 200701txxu ck a|||| |||| 00| 0 spa d
020 ## - NÚMERO INTERNACIONAL NORMALIZADO PARA LIBROS
Número Internacional Normalizado del libro 000000S470010
040 ## - FUENTE DE CATALOGACIÓN
Agencia de catalogación original CO-MdFUSB
Idioma de catalogación spa
Agencia que realiza la transcripción CO-MdFUSB
Agencia que realiza la modificación CO-MdFUSBC
Convenciones de la descripción rda
041 ## - CÓDIGO DE IDIOMA
Código de idioma para texto/pista de sonido o título separado spa
082 ## - NÚMERO DE CLASIFICACIÓN DECIMAL DEWEY
Número de la edición del Dewey 23
Número de clasificación 920
Clave de autor-Numero de item T337
100 ## - ASIENTO PRINCIPAL--NOMBRE PERSONAL
Nombre personal Tescaroli, Cirillo.
Término relacionador autor
245 ## - TÍTULO
Título del Material Francisco Javier
Mención de responsabilidad, etc. / Cirillo Tescaroli
264 #1 - PRODUCCIÓN, PUBLICACIÓN, DISTRIBUCIÓN, MANUFACTURA, Y COPYRIGHT
Lugar de producción, publicación, distribución, manufactura Colombia :
Nombre del productor, publicador, distribuidor Editorial Católica Sin Fronteras,
Fecha de producción, publicación, distribución, manufactura, o copyright [Fecha de publicación no identifacada]
300 ## - DESCRIPCIÓN FÍSICA
Extensión 48 páginas
Dimensiones ; 16 cm
336 ## - TIPO DE CONTENIDO
Fuente rdacontent
Término de tipo de contenido texto
Código de tipo de contenido txt
337 ## - TIPO DE MEDIO
Fuente rdamedia
Nombre del tipo de medio sin mediación
Código del tipo de medio n
338 ## - TIPO DE SOPORTE
Fuente rdacarrier
Nombre del tipo de soporte volumen
Código Tipo de soporte nc
490 ## - MENCIÓN DE SERIE
Mención de serie Colección Apóstoles,
520 ## - NOTA DE RESUMEN, ETC.
Nota de sumario, etc. La antropología de la felicidad trae a consideración nuestra vida espiritual, vida de la inteligencia y la voluntad, en cuyo ámbito se despliega la posibilidad de una vida feliz: amor y verdad indisolublemente unidos. Así los presenta Benedicto XVI en su última encíclica “Caritas in Veritate.” En la Caridad se encuentra (cito)“la fuerza impulsora del auténtico desarrollo de cada persona y de toda la humanidad”, por cuanto la búsqueda de la felicidad personal es inseparable del bien común , de una situación que necesariamente se hace extensiva al prójimo. Decimos con Aristóteles que la búsqueda de la felicidad es la tendencia más profunda y universal del ser humano, y agregamos con la filosofía cristiana, que esta búsqueda responde a un llamado de Dios a vivir en su Amor, llamado universal: al amor y a la verdad, porque somos imagen y semejanza de un Dios que es, a la vez, Agape y Logos. La verdad es luz intelectual que le da sentido al amor: inteligencia natural, luz de la razón, constitutivamente abierta a la vida sobrenatural, a las verdades de la fe, por cuanto la verdad misma es luz para la razón y la fe simultáneamente.
563 ## - NOTA DE ENCUADERNACIÓN
Nota de encuadernación Rústico
650 #7 - ASIENTO SECUNDARIO DE MATERIA - TERMINO TEMÁTICO
9 (RLIN) 409
Término temático o nombre geográfico como elemento de entrada Biografía
942 ## - TIPO DE MATERIAL (KOHA)
Tipo de Item KOHA Libros General
945 ## - INFORMACIÓN LOCAL DEL REGISTRO
Catalogador JTF-925
Existencias
Estado de Material Estado de Perdido Forma de Clasificación Estado de Dañado No para Préstamo Colección Biblioteca de Origen Biblioteca Permanente Fecha de Adquisición Área Total de Préstamos Signatura Topográfica Código de Barras Última vez visto Ejemplar/Existencia Fecha de Remplazo Tipo de Material
    Dewey Decimal Classification     Colección General Biblioteca FUSBC Biblioteca FUSBC 01/07/2020 BIOGRAFIA   G 920 T337f 1778 01/07/2020 Ej.1 01/07/2020 Libros General

Biblioteca FUSBC | Teléfono: (57+4) 349 88 10 Ext. 141| WhatsApp (+57) 3005338115 
E-mail: biblioteca@unisbc.edu.co | Calle 76 87-14 Robledo Palenque, Medellín, Colombia

Con tecnología Koha